The Life and Work of Jalaluddin Rumi (Record no. 13774)
[ view plain ]
| 000 -LEADER | |
|---|---|
| fixed length control field | 00288nam a22001217a 4500 |
| 020 ## - INTERNATIONAL STANDARD BOOK NUMBER | |
| ISBN | 9780195779899 |
| 082 ## - DEWEY DECIMAL CLASSIFICATION NUMBER | |
| Classification number | 891 |
| 100 ## - MAIN ENTRY--AUTHOR NAME | |
| Personal name | Afzal Iqbal |
| 245 ## - TITLE STATEMENT | |
| Title | The Life and Work of Jalaluddin Rumi |
| 260 ## - PUBLICATION, DISTRIBUTION, ETC. (IMPRINT) | |
| Place of publication | Pakistan |
| Name of publisher | Oxford University Press |
| Year of publication | 1998 |
| 300 ## - PHYSICAL DESCRIPTION | |
| Number of Pages | 360 pages |
| 942 ## - ADDED ENTRY ELEMENTS (KOHA) | |
| Koha item type | Books |
| Withdrawn status | Lost status | Collection code | Permanent Location | Current Location | Shelving location | Date acquired | Full call number | Accession Number | Koha item type |
|---|---|---|---|---|---|---|---|---|---|
| | | English Literature | MAJU | MAJU | Shelf No.A13 | 2023-05-29 | 891 | 10864 | Books |